[Event "Najdorf Memorial"]
[Site "Warsaw POL"]
[Date "2024.07.10"]
[Round "2.32"]
[White "Kazmierowski, Tymon"]
[Black "Polak, Michal"]
[Result "1-0"]
[WhiteElo "2096"]
[BlackElo "1997"]

1. d4 Nf6 2. c4 e6 3. Nf3 b6 4. g3 Ba6 5. Qc2 c5 6. d5 exd5 7. cxd5 Bb7 8.
Bg2 Nxd5 9. O-O Be7 10. Qe4 Bc6 11. Ne5 O-O 12. Rd1 Nf6 13. Nxc6 Nxc6 14.
Qa4 Rc8 15. Nc3 Qc7 16. Bf4 Qb7 17. e4 a6 18. e5 b5 19. Qc2 Nh5 20. Be3 g6
21. Nd5 Rfe8 22. Nxe7+ Rxe7 23. Qxc5 Rce8 24. f4 Ng7 25. Rac1 f6 26. Bd5+
Ne6 27. exf6 Rf7 28. Bxc6 Nxc5 29. Bxb7 Nxb7 30. Kf2 Rxf6 31. Rxd7 Rfe6 32.
Bd4 Nd6 33. Rcc7 Nf5 34. Be5 R8e7 35. g4 Rxd7 36. Rxd7 Ne7 37. Rd8+ Kf7 38.
Rh8 h5 39. gxh5 gxh5 40. Rxh5 Kg6 41. Rg5+ Kh6 42. Kf3 Rc6 43. Kg4 Rc4 44.
h4 Ra4 45. Bd6 Nc6 46. a3 Rd4 47. Bf8+ Kh7 48. Bg7 Rd7 49. Bc3 Nd4 50. f5
a5 51. Bxa5 Ne2 52. Bc3 Nxc3 53. bxc3 b4 54. axb4 Rd3 55. f6 Rxc3 56. f7
Rc4+ 57. Kg3 Rxb4 58. Rf5 Rb3+ 59. Kf2 1-0

[Event "Najdorf Memorial"]
[Site "Warsaw POL"]
[Date "2024.07.10"]
[Round "2.33"]
[White "Sidorczuk, Pawel"]
[Black "Rzewucki, Jan"]
[Result "0-1"]
[WhiteElo "2096"]
[BlackElo "1960"]

1. e4 c5 2. Nf3 Nc6 3. d4 cxd4 4. Nxd4 e5 5. Nb5 d6 6. c4 Be6 7. N1c3 a6 8.
Na3 g6 9. Be3 Bg7 10. Bd3 Nf6 11. Nd5 Bxd5 12. cxd5 Nd4 13. Bxd4 exd4 14.
Qa4+ Nd7 15. O-O O-O 16. f4 Nc5 17. Qd1 b5 18. Nc2 Qb6 19. Nb4 Rae8 20. Qc2
Nxe4 21. f5 Nf6 22. Qc6 Qxc6 23. dxc6 a5 24. Nc2 Re5 25. fxg6 hxg6 26. a4
b4 27. Rfd1 Rc5 28. Nxd4 Ng4 29. Bb5 Ne3 30. Nb3 Nxd1 31. Nxc5 Bd4+ 32. Kf1
Ne3+ 33. Ke2 dxc5 34. Ba6 Nd5 0-1

[Event "Najdorf Memorial"]
[Site "Warsaw POL"]
[Date "2024.07.10"]
[Round "2.34"]
[White "Sujkowski, Pawel"]
[Black "Skurniak, Szymon"]
[Result "1-0"]
[WhiteElo "1985"]
[BlackElo "2095"]

1. d4 Nf6 2. c4 g6 3. Nc3 d5 4. Nf3 Bg7 5. Bg5 Ne4 6. cxd5 Nxg5 7. Nxg5 e6
8. Qd2 h6 9. Nh3 exd5 10. Qe3+ Kf8 11. Nf4 c5 12. Qf3 cxd4 13. Ncxd5 Kg8
14. g3 Nc6 15. Bg2 Qa5+ 16. b4 Nxb4 17. O-O Nxd5 18. Qxd5 Qxd5 19. Bxd5 Be6
20. Bxe6 fxe6 21. Nxe6 Re8 22. Nxg7 Kxg7 23. Rfd1 Rxe2 24. Rxd4 Rf8 25.
Rd7+ Rf7 26. Rxf7+ Kxf7 27. Rc1 Rxa2 28. Rc7+ Ke6 29. Rxb7 h5 30. h4 a5 31.
Rb6+ Kf5 32. Kg2 a4 33. Ra6 a3 34. Kf3 Ra1 35. Ra5+ Ke6 36. Kf4 Kf6 37.
Ra6+ Kf7 38. Kg5 Re1 39. Rxa3 Re5+ 40. Kh6 Re6 41. Rf3+ Kg8 42. Re3 Rf6 43.
Re7 Kf8 44. Ra7 Rxf2 45. Rg7 Rf7 46. Rxg6 Rf5 47. Rg5 Rf3 48. Kxh5 Kf7 49.
g4 Kf6 50. Rg6+ Kf7 51. Kh6 Rd3 52. h5 Rd8 53. Kh7 Rd4 54. g5 Rd8 55. Rf6+
Ke7 56. Kg7 Rd5 57. Kg6 1-0

[Event "Najdorf Memorial"]
[Site "Warsaw POL"]
[Date "2024.07.10"]
[Round "2.35"]
[White "Kondys, Piotr"]
[Black "Bednarska-bzdega, Malgorzata"]
[Result "1-0"]
[WhiteElo "2089"]
[BlackElo "1956"]

1. e4 c5 2. Nf3 g6 3. c3 d5 4. e5 Nc6 5. Bb5 Bd7 6. Be2 d4 7. Bc4 e6 8. Qe2
Bg7 9. O-O Qc7 10. Re1 g5 11. Na3 a6 12. Qe4 Nge7 13. cxd4 cxd4 14. d3 g4
15. Nxd4 Bxe5 16. Nac2 Bxh2+ 17. Kh1 Qe5 18. Qxg4 Qd6 19. g3 Rg8 20. Qf4
Bxg3 21. fxg3 Qc5 22. Be3 Qh5+ 23. Qh4 Qg6 24. Bf4 b5 25. Bb3 Qxd3 26. Rad1
Qg6 27. Bd6 Nc8 28. Nxc6 Bxc6+ 29. Kh2 Ra7 30. Bc7 Qg5 31. Rd8+ Ke7 32.
Qb4+ Kf6 33. Qd4+ Ke7 34. Qb4+ Kf6 35. Be5+ 1-0

[Event "Najdorf Memorial"]
[Site "Warsaw POL"]
[Date "2024.07.10"]
[Round "2.36"]
[White "Jarmula, Lukasz"]
[Black "Matskevich, Varvara"]
[Result "1-0"]
[WhiteElo "2432"]
[BlackElo "1946"]

1. Nf3 d6 2. d4 Nf6 3. g3 Nbd7 4. c4 g6 5. Nc3 c5 6. Bg2 Bg7 7. O-O O-O 8.
b3 a6 9. Bb2 Rb8 10. a4 Qc7 11. e4 e6 12. Re1 b6 13. d5 e5 14. Nd2 Bh6 15.
Rf1 Nh5 16. Nf3 Ng7 17. Nh4 f5 18. exf5 gxf5 19. f4 Qd8 20. Ne2 e4 21. Bh3
Nf6 22. Ng2 Qe8 23. Ne3 Qh5 24. Bg2 Ng4 25. Nxg4 Qxg4 26. Nc3 Qxd1 27.
Raxd1 Nh5 28. Ba1 Bd7 29. Rb1 b5 30. Bh3 Rf7 31. axb5 axb5 32. b4 Bg7 33.
bxc5 Bd4+ 34. Kg2 dxc5 35. Nxb5 Bxb5 36. Rxb5 Rxb5 37. cxb5 Ng7 38. Rd1 Rd7
39. Bxd4 Rxd5 40. Bxg7 Rxd1 41. Be5 Rd2+ 42. Kf1 Rd1+ 43. Ke2 Rb1 44. Bxf5
Rxb5 45. Bxe4 c4 46. Kd2 Ra5 47. Kc3 Ra2 48. Bd5+ Kf8 49. f5 Rxh2 50. f6
Rf2 51. Bd6+ Ke8 52. f7+ Rxf7 53. Bxf7+ Kxf7 54. Kxc4 h5 55. Kd5 Kg6 56.
Be7 Kf5 57. Bh4 Kg4 58. Ke4 1-0

[Event "Najdorf Memorial"]
[Site "Warsaw POL"]
[Date "2024.07.10"]
[Round "2.37"]
[White "Zawadzka, Jolanta"]
[Black "Lecki, Leonard"]
[Result "1-0"]
[WhiteElo "2349"]
[BlackElo "2026"]

1. c4 e5 2. g3 Nf6 3. Bg2 c6 4. Nf3 e4 5. Nd4 d5 6. cxd5 cxd5 7. O-O Nc6 8.
Nxc6 bxc6 9. d3 exd3 10. Qxd3 Be7 11. b3 O-O 12. Bb2 a5 13. Nc3 Ba6 14. Qc2
Re8 15. Rfd1 Ng4 16. e3 Bd6 17. Rac1 Qg5 18. Na4 Bxg3 19. hxg3 Qh6 20. Rd3
Rxe3 21. Nc5 Rxg3 22. fxg3 Qh2+ 23. Kf1 Ne3+ 24. Kf2 Nxg2 25. Nxa6 Re8 26.
Kf3 Qh5+ 27. Kxg2 Re2+ 28. Kf1 Rxc2 29. Rxc2 Qh1+ 1-0

[Event "Najdorf Memorial"]
[Site "Warsaw POL"]
[Date "2024.07.10"]
[Round "2.38"]
[White "Chmiel, Marcin"]
[Black "Siennicki, Gustaw"]
[Result "1-0"]
[WhiteElo "2161"]
[BlackElo "2012"]

1. c4 e6 2. g3 d5 3. Bg2 d4 4. Nf3 Nc6 5. e3 dxe3 6. fxe3 e5 7. O-O Nf6 8.
d4 Bg4 9. Qb3 exd4 10. Qxb7 Na5 11. Qa6 c5 12. Bd2 Nb7 13. Qxb7 Rb8 14. Qa6
Bd6 15. Qc6+ Kf8 16. exd4 cxd4 17. Ba5 Qe7 18. Re1 Bd7 19. Rxe7 Bxc6 20.
Rxa7 d3 21. b4 Bxf3 22. Bxf3 Be5 23. Bc7 Bd4+ 24. Kf1 Bxa7 25. Bxb8 Bd4 26.
Bd6+ Ke8 27. Bc6+ Kd8 28. Nc3 Bxc3 29. Rd1 d2 30. b5 Ba5 31. c5 Nd7 32.
Bxd7 Kxd7 33. Bf4 Kc8 34. Bxd2 Rd8 35. Ke2 Re8+ 36. Be3 Re5 37. Kf3 g5 38.
b6 g4+ 39. Kf4 Re6 40. Rd6 Re7 41. c6 f5 42. c7 Kb7 43. Rd8 Rxc7 44. bxc7
Bxc7+ 45. Kxf5 Bxd8 46. Kxg4 Kc6 47. Kh5 Kd5 48. Kh6 Ke4 49. Bg5 Bc7 50.
Bf4 Ba5 51. Kxh7 Kf5 52. h4 Bb4 53. h5 Kg4 54. Kg6 Bc3 55. h6 Bb2 56. h7
Bc3 57. a3 1-0

[Event "Najdorf Memorial"]
[Site "Warsaw POL"]
[Date "2024.07.10"]
[Round "2.39"]
[White "Alvarado, Carlos"]
[Black "Krasiewicz, Robert"]
[Result "1/2-1/2"]
[WhiteElo "2108"]
[BlackElo "2004"]

1. Nf3 d5 2. b3 Nf6 3. Bb2 e6 4. c4 Be7 5. e3 c5 6. d4 O-O 7. Nc3 cxd4 8.
exd4 b6 9. Be2 Bb7 10. O-O Nc6 11. a3 Rc8 12. Ne5 dxc4 13. Nxc6 Bxc6 14.
bxc4 Qd7 15. Qd3 Rfd8 16. Rfd1 Qb7 17. Qh3 Rd7 18. Bd3 g6 19. Bf1 Rcd8 20.
Qe3 Bd6 21. h3 Bf8 22. d5 exd5 23. Nxd5 Nxd5 24. cxd5 Bxd5 25. Qc3 f6 26.
Rxd5 Rxd5 27. Bc4 Be7 28. Qe3 Kg7 29. Bxd5 Rxd5 30. Re1 Bc5 31. Qf3 Qf7 32.
Re2 Rd1+ 33. Kh2 Rd6 34. g4 h6 35. h4 Bd4 36. Bc1 Be5+ 37. Kh3 Qd7 38. Re4
Rd1 39. Be3 Qd3 40. Qg2 Qb1 41. f4 Bd6 42. Rc4 Qd3 43. Qb7+ Kg8 44. Rc8+
Bf8 45. Qe7 Qf1+ 46. Kg3 Qe1+ 47. Kh3 Qh1+ 48. Kg3 Qe1+ 1/2-1/2

[Event "Najdorf Memorial"]
[Site "Warsaw POL"]
[Date "2024.07.10"]
[Round "2.40"]
[White "Sanz Losada, Victoriano"]
[Black "Lisowski, Krzysztof"]
[Result "1-0"]
[WhiteElo "2002"]
[BlackElo "2096"]

1. d4 Nf6 2. c4 e6 3. Nc3 Bb4 4. Qc2 O-O 5. a3 Bxc3+ 6. Qxc3 b6 7. Bf4 Bb7
8. Nf3 d6 9. h4 Nbd7 10. h5 Ne4 11. Qc2 f5 12. e3 Qe7 13. O-O-O c5 14. Bd3
Rfc8 15. d5 exd5 16. Nh4 Ne5 17. f3 Nxd3+ 18. Rxd3 dxc4 19. Qxc4+ d5 20.
Rxd5 Bxd5 21. Qxd5+ Qf7 22. fxe4 fxe4 23. Qxf7+ Kxf7 24. Nf5 Rd8 25. Nd6+
Ke6 26. Nxe4 h6 27. Rh3 Rd5 28. Rg3 Rxh5 29. Rxg7 Rh1+ 30. Kc2 h5 31. Rh7
Rg8 32. g3 Ra8 33. Kb3 Kf5 34. Nf2 Rf1 35. Rxh5+ Ke6 36. Ne4 Rd8 37. g4 Rg1
38. g5 Kf5 39. Nd6+ Kg4 40. Rh7 Rd1 41. Ne4 Kf3 42. Re7 R1d7 43. Rxd7 Rxd7
44. Nd6 a6 45. Kc4 Rc7 46. Kd5 1-0

[Event "Najdorf Memorial"]
[Site "Warsaw POL"]
[Date "2024.07.10"]
[Round "2.41"]
[White "Choroszej, Aleksander"]
[Black "Praczukowski, Stanislaw"]
[Result "0-1"]
[WhiteElo "1997"]
[BlackElo "2086"]

1. d4 Nf6 2. c4 e6 3. Nc3 Bb4 4. f3 c5 5. d5 b5 6. e4 d6 7. Ne2 bxc4 8. Nf4
e5 9. Ne2 Nbd7 10. Ng3 Nb6 11. Be2 Ng8 12. O-O Ne7 13. f4 exf4 14. Bxf4 Ng6
15. Qc1 Bxc3 16. Qxc3 Nxf4 17. Rxf4 O-O 18. Raf1 Nd7 19. Nh5 Ne5 20. h4 Rb8
21. Qg3 Ng6 22. Nxg7 Kxg7 23. h5 Qe8 24. hxg6 hxg6 25. Bh5 f6 26. R4f3 Rb6
27. Qh4 Qe5 28. Bxg6 Kxg6 29. Rf5 Bxf5 30. exf5+ Kf7 31. Rf2 Rxb2 32. Qh7+
Ke8 33. Qg6+ Ke7 0-1

[Event "Najdorf Memorial"]
[Site "Warsaw POL"]
[Date "2024.07.10"]
[Round "2.42"]
[White "Patil, Harshal"]
[Black "Van Der Veen, Ronald"]
[Result "1-0"]
[WhiteElo "2083"]
[BlackElo "2003"]

1. Nf3 d5 2. c4 c6 3. e3 Nf6 4. Nc3 g6 5. d4 Bg7 6. Bd3 O-O 7. O-O dxc4 8.
Bxc4 b5 9. Bb3 a5 10. a4 Ba6 11. Re1 Nbd7 12. axb5 cxb5 13. e4 e6 14. Bg5
h6 15. Bh4 Qb6 16. e5 Nh7 17. d5 Nc5 18. Bc2 b4 19. Ne4 exd5 20. Qxd5 Ne6
21. Qxa5 Qxa5 22. Rxa5 g5 23. Bg3 Rfc8 24. Bb3 g4 25. Bd5 Ra7 26. Nh4 Nhg5
27. Nd6 Rc5 28. Rea1 Rac7 29. h3 Be2 30. hxg4 Bxg4 31. f3 Bh5 32. f4 Nh7
33. Nhf5 Rxa5 34. Rxa5 Rc1+ 35. Kh2 Rd1 36. Ra8+ Nhf8 37. Ne8 Bg6 38. Bxe6
Nxe6 39. Nfxg7 1-0

[Event "Najdorf Memorial"]
[Site "Warsaw POL"]
[Date "2024.07.10"]
[Round "2.43"]
[White "Jurasz, Antoni"]
[Black "Slomczewski, Michal"]
[Result "1-0"]
[WhiteElo "1992"]
[BlackElo "2081"]

1. e4 d6 2. d4 Nf6 3. Nc3 Nbd7 4. f4 e5 5. Nf3 Qe7 6. Bd3 c6 7. O-O g6 8.
fxe5 dxe5 9. Bg5 Bg7 10. dxe5 Nxe5 11. Nxe5 Qxe5 12. Bxf6 Bxf6 13. Qf3 Ke7
14. Rae1 Be6 15. Nd5+ cxd5 16. exd5 Qd4+ 17. Kh1 Be5 18. dxe6 f5 19. Qxb7+
Kxe6 20. Qc6+ Kf7 21. Bxf5 gxf5 22. Rxf5+ Bf6 23. Ref1 1-0

[Event "Najdorf Memorial"]
[Site "Warsaw POL"]
[Date "2024.07.10"]
[Round "2.44"]
[White "Gacek, Waldemar"]
[Black "Klim, Filip"]
[Result "1/2-1/2"]
[WhiteElo "2081"]
[BlackElo "2000"]

1. Nf3 d6 2. d4 Nf6 3. c4 g6 4. Nc3 Bg7 5. e4 O-O 6. Bd3 Nbd7 7. O-O e5 8.
d5 a5 9. h3 h6 10. Be3 Nh5 11. Bc2 Nf4 12. Qd2 g5 13. Ne2 Qf6 14. Nh2 Nxe2+
15. Qxe2 Qg6 16. g4 Re8 17. a3 Nf8 18. b4 Qf6 19. c5 Bd7 20. b5 dxc5 21.
Bxc5 Ng6 22. Be3 Nf4 23. Bxf4 exf4 24. Rac1 Qd6 25. Bd3 a4 26. Qa2 Ra5 27.
Rb1 Bf8 28. Rfc1 Rc8 29. Rb4 Qf6 30. Rb2 f3 31. Rbc2 Bd6 32. e5 Bxe5 33.
Qc4 Bxb5 34. Qe4 Bxd3 35. Qxd3 Bxh2+ 36. Kxh2 Qe5+ 37. Kg1 Qxd5 38. Qxd5
Rxd5 39. Rxc7 Rxc7 40. Rxc7 Rd3 41. Rxb7 Rxa3 42. Kh2 Kg7 43. Ra7 Kf6 44.
Kg3 Ke6 45. Ra6+ Ke5 46. Rxh6 Ke4 47. Rh8 Rb3 48. Rf8 Rb7 49. Re8+ Kd3 50.
Ra8 Rb4 51. Kxf3 Kc3 52. Kg3 Kb2 53. h4 gxh4+ 54. Kxh4 a3 55. Kg5 a2 56. f4
a1=Q 57. Rxa1 Kxa1 58. f5 Rb6 59. Kh5 Rf6 60. Kg5 Ra6 61. Kh5 Kb2 62. g5
Ra1 63. Kh6 Ra5 64. f6 Kc3 65. g6 fxg6 66. Kxg6 Kd4 67. f7 Ra8 68. Kg7
1/2-1/2

[Event "Najdorf Memorial"]
[Site "Warsaw POL"]
[Date "2024.07.10"]
[Round "2.45"]
[White "Bar, Klaudia"]
[Black "Suska, Szymon"]
[Result "0-1"]
[WhiteElo "1982"]
[BlackElo "2079"]

1. e4 c5 2. Nf3 d6 3. d4 cxd4 4. Nxd4 Nf6 5. Nc3 a6 6. f4 e5 7. Nb3 Be7 8.
Be2 h5 9. Be3 Nbd7 10. Qd2 b5 11. a3 Bb7 12. Bf3 Rc8 13. Qf2 Rxc3 14. bxc3
Nxe4 15. Bxe4 Bxe4 16. O-O O-O 17. a4 Nf6 18. axb5 axb5 19. Qe2 Qc8 20.
fxe5 dxe5 21. Bg5 Qg4 22. Qxg4 hxg4 23. Rfe1 Bxc2 24. Rxe5 Bxb3 25. Rxe7
Nd5 26. Re4 f5 27. Ree1 Bc4 28. Bd2 f4 29. Re4 f3 30. Kf2 Nf6 31. Re7 g3+
32. Kxg3 f2 33. Be3 f1=Q 34. Rxf1 Bxf1 35. Bd4 Bc4 36. Kh4 Rf7 37. Re5 Kh7
38. g4 Nd5 39. Rh5+ Kg8 40. Rg5 Nf4 41. Be5 Ne6 42. Rf5 Rxf5 43. gxf5 Nc5
44. f6 Nd7 45. Bd4 gxf6 46. Kg4 Kf7 47. h4 Be6+ 48. Kf4 Kg6 49. Kg3 Kf5 50.
Ba7 Bf7 51. Bd4 Bh5 52. Ba7 Ke4 53. Bf2 f5 54. Be1 f4+ 55. Kf2 Ne5 56. Bd2
Nd3+ 57. Kf1 Bg4 0-1

[Event "Najdorf Memorial"]
[Site "Warsaw POL"]
[Date "2024.07.10"]
[Round "2.46"]
[White "Jasiulewicz, Dawid"]
[Black "Sypien, Natan"]
[Result "1/2-1/2"]
[WhiteElo "2073"]
[BlackElo "1985"]

1. d4 d5 2. Nf3 Nf6 3. c4 e6 4. e3 Be7 5. b3 O-O 6. Bd3 c5 7. O-O b6 8. Bb2
cxd4 9. exd4 Bb7 10. Nbd2 Nc6 11. Rc1 Rc8 12. Re1 Re8 13. Nf1 g6 14. Ne3
Bf8 15. Qe2 Bg7 16. Red1 a5 17. Nc2 Nb4 18. Nxb4 axb4 19. Rc2 Qd6 20. Ne5
Nd7 21. cxd5 Nxe5 22. dxe5 Qxd5 23. f3 Red8 24. h3 Ra8 25. Qe3 Ba6 26. Be2
Qa5 27. Rxd8+ Rxd8 28. Bxa6 Qxa6 29. Bd4 Qb5 30. Rc7 Qd5 31. Bb2 h5 32. Qf4
Rd7 33. Rxd7 Qxd7 34. Qxb4 Qd1+ 35. Kh2 Bh6 36. Qd4 Qe2 37. Ba3 Be3 38.
Qd8+ Kh7 39. Qf6 Qe1 40. Qxf7+ Kh8 41. Qe8+ Kh7 42. Qf7+ 1/2-1/2

[Event "Najdorf Memorial"]
[Site "Warsaw POL"]
[Date "2024.07.10"]
[Round "2.47"]
[White "Krawczyk, Wojciech"]
[Black "Delega, Tomasz"]
[Result "1-0"]
[WhiteElo "2072"]
[BlackElo "1973"]

1. d4 e6 2. c4 Bb4+ 3. Nd2 Nc6 4. Nf3 f5 5. a3 Be7 6. d5 Nb8 7. e4 fxe4 8.
Nxe4 Nf6 9. Bd3 exd5 10. cxd5 Nxe4 11. Bxe4 g6 12. Qc2 d6 13. O-O Nd7 14.
Bxg6+ hxg6 15. Qxg6+ Kf8 16. Re1 Ne5 17. Bh6+ Rxh6 18. Qxh6+ Kg8 19. Nxe5
dxe5 20. Rxe5 Qd6 21. Qh5 Bd7 22. Rae1 Bf6 23. R5e3 Rf8 24. Rg3+ Bg7 25.
Re5 Rf7 26. Qg5 Qf6 27. Qe3 b6 28. h4 Kf8 29. Reg5 Re7 30. Qd3 Qxb2 31. Qh7
Rf7 32. Rxg7 Rxg7 33. Qh8+ Kf7 34. Rf3+ Kg6 35. h5+ Kg5 36. Rg3+ Bg4 37. f3
Qa1+ 38. Kh2 Qe5 39. Qxg7+ Qxg7 40. Rxg4+ Kf6 41. Rxg7 Kxg7 42. Kg1 b5 43.
Kf2 a5 44. Ke3 b4 45. axb4 a4 46. Ke4 1-0

[Event "Najdorf Memorial"]
[Site "Warsaw POL"]
[Date "2024.07.10"]
[Round "2.48"]
[White "Maack, Kjartan"]
[Black "Harazinska, Magdalena"]
[Result "1/2-1/2"]
[WhiteElo "2066"]
[BlackElo "1969"]

1. c4 c5 2. Nc3 g6 3. g3 Bg7 4. Bg2 e6 5. e4 Nc6 6. Nge2 d6 7. O-O Nge7 8.
d3 O-O 9. Be3 Nd4 10. Rb1 Nec6 11. a3 a5 12. b3 Rb8 13. Qd2 Bd7 14. f4
Nxe2+ 15. Nxe2 Nd4 16. Bxd4 Bxd4+ 17. Nxd4 cxd4 18. b4 axb4 19. Qxb4 Bc6
20. c5 dxc5 21. Qxc5 Ra8 22. e5 Ra5 23. Qb4 Ra4 24. Qc5 Ra5 25. Qb4 Ra4 26.
Qc5 Ra5 1/2-1/2

[Event "Najdorf Memorial"]
[Site "Warsaw POL"]
[Date "2024.07.10"]
[Round "2.49"]
[White "Przybylski, Bartosz"]
[Black "Lasota, Adam"]
[Result "1/2-1/2"]
[WhiteElo "2060"]
[BlackElo "1968"]

1. e4 c5 2. Nc3 e6 3. Nge2 Nc6 4. g3 Nf6 5. Bg2 d5 6. exd5 Nxd5 7. Nxd5
exd5 8. d4 cxd4 9. Nxd4 Bc5 10. Nb3 Qe7+ 11. Qe2 Be6 12. O-O O-O 13. Qb5
Bb6 14. a4 Qb4 15. Bd2 Qxb5 16. axb5 Nd4 17. Nxd4 Bxd4 18. c3 Bb6 19. Bf4
Rfd8 20. Rfd1 Rd7 21. Be5 Kf8 22. Ra4 Rc8 23. Bd4 Rc4 24. b3 Rxa4 25. bxa4
Bxd4 26. Rxd4 Ke7 27. f4 f6 28. Bf3 Kd6 29. f5 Bf7 30. Bd1 Rc7 31. Rd3 Ke5
32. g4 Ke4 33. Bc2 Kf4 34. h3 h5 35. Bd1 hxg4 36. hxg4 Rc4 37. Kf2 Ke5 38.
Re3+ Kd6 39. Kg3 Rc8 40. Rd3 Re8 41. Bf3 Kc5 42. Kf2 b6 43. Rd4 Re5 44. Rf4
Re8 45. Rd4 1/2-1/2

[Event "Najdorf Memorial"]
[Site "Warsaw POL"]
[Date "2024.07.10"]
[Round "2.50"]
[White "Swara, Lakshmi S Nair"]
[Black "Wieckowski, Michal"]
[Result "1/2-1/2"]
[WhiteElo "2049"]
[BlackElo "1964"]

1. e4 c5 2. Nf3 Nc6 3. d4 cxd4 4. Nxd4 Nf6 5. Nc3 e5 6. Ndb5 d6 7. Bg5 a6
8. Bxf6 gxf6 9. Na3 b5 10. Nd5 f5 11. exf5 Bxf5 12. Bd3 Be6 13. Be4 Rc8 14.
c3 Bg7 15. Nc2 O-O 16. g3 f5 17. Bg2 e4 18. O-O Ne5 19. Nf4 Qe7 20. Ne3 Bh6
21. Nxe6 Qxe6 22. Qb3 Qxb3 23. axb3 Bxe3 24. fxe3 Rc6 25. Rad1 Kg7 26. Rf4
Ng6 27. Rf2 Ne5 28. Rdf1 d5 29. Rxf5 Nf3+ 30. R1xf3 exf3 31. Rxf8 Kxf8 32.
Bxf3 Rd6 33. Kf2 Ke7 34. Ke2 Kf6 35. b4 Ke5 36. h4 h6 37. g4 Rf6 38. b3 Rf8
39. Bg2 Rg8 40. Bf3 Rg7 41. Kd3 Rd7 42. Ke2 Rf7 43. Bg2 Rf6 44. Bf3 Rf8 45.
Bg2 Rf6 46. Bf3 Rf7 47. Bg2 Ra7 48. Kd3 Rd7 49. Bf3 Rf7 50. Ke2 Rf8 1/2-1/2

[Event "Najdorf Memorial"]
[Site "Warsaw POL"]
[Date "2024.07.10"]
[Round "2.51"]
[White "Zaninotto, Franco"]
[Black "Pancewicz, Szymon"]
[Result "1/2-1/2"]
[WhiteElo "1961"]
[BlackElo "2041"]

1. e4 c6 2. Nf3 d5 3. Nc3 dxe4 4. Nxe4 Nf6 5. Nxf6+ exf6 6. Bc4 Bd6 7. Qe2+
Qe7 8. O-O Qxe2 9. Bxe2 Be6 10. Nd4 Bd7 11. Nb3 O-O 12. d3 Na6 13. a3 Rfe8
14. Bf3 Nc5 15. Nxc5 Bxc5 16. Bd2 g5 17. h3 Kg7 18. Rfe1 Kg6 19. Rxe8 Rxe8
20. Re1 Rxe1+ 21. Bxe1 h5 22. Be2 f5 23. g3 g4 24. Kg2 gxh3+ 25. Kxh3 f4+
26. Kg2 Bd6 27. Bd2 fxg3 28. fxg3 Bg4 29. Bf3 Kf5 30. a4 Be7 31. Be3 Bxf3+
32. Kxf3 a6 33. Bf4 Ke6 34. Be3 f5 35. b3 h4 36. gxh4 Bxh4 37. Bb6 Bf6 38.
Bf2 Bc3 39. Kf4 Bd2+ 40. Kf3 Bc3 41. Kf4 b5 42. Be3 Bg7 43. Bf2 Be5+ 44.
Kf3 Kd5 45. c4+ Ke6 46. Be3 Bd6 47. Bd4 bxa4 48. bxa4 Bb4 49. Kf4 Bd2+ 50.
Kf3 Kd6 51. Ke2 Bc1 52. Kf3 Ke6 53. Kg3 Bd2 54. Kf3 Bg5 55. Kg3 Bf6 56.
Bxf6 Kxf6 57. d4 Kg5 58. Kf3 a5 59. d5 cxd5 60. cxd5 f4 61. Ke4 f3 62. d6
Kf6 63. d7 Ke7 64. Kxf3 Kxd7 65. Ke4 Kc6 1/2-1/2

[Event "Najdorf Memorial"]
[Site "Warsaw POL"]
[Date "2024.07.10"]
[Round "2.52"]
[White "Gbiorczyk, Mikolaj"]
[Black "Rzeszowski, Dominik"]
[Result "1-0"]
[WhiteElo "2034"]
[BlackElo "1961"]

1. e4 c6 2. d4 d5 3. Nc3 dxe4 4. Nxe4 Nf6 5. Nxf6+ exf6 6. c3 Bd6 7. Bd3
O-O 8. Qc2 Re8+ 9. Ne2 h5 10. O-O h4 11. h3 Nd7 12. f4 Nf8 13. f5 Nh7 14.
Bf4 Ng5 15. Rad1 Qe7 16. Bxd6 Qxd6 17. Nf4 Bd7 18. Qf2 Ne4 19. Qxh4 Bxf5
20. Rde1 g5 21. Qh6 Ng3 22. Nh5 Nxh5 23. Bxf5 1-0

[Event "Najdorf Memorial"]
[Site "Warsaw POL"]
[Date "2024.07.10"]
[Round "2.53"]
[White "Charvi, A"]
[Black "Ashwath, Kaushik"]
[Result "1/2-1/2"]
[WhiteElo "1960"]
[BlackElo "2029"]

1. e4 c5 2. Nf3 d6 3. d4 cxd4 4. Nxd4 Nf6 5. Nc3 Nc6 6. f3 e5 7. Nb3 Be7 8.
Be3 Be6 9. Qd2 d5 10. exd5 Nxd5 11. Nxd5 Qxd5 12. Qxd5 Bxd5 13. O-O-O O-O-O
14. Be2 h6 15. Kb1 f5 16. Bf2 g5 17. Rhe1 h5 18. h3 Kc7 19. a3 b6 20. Bb5
Bf6 21. Nc1 Kb7 22. c4 Bf7 23. c5 Rhe8 24. cxb6 axb6 25. Nd3 Re6 26. Bc4
Re7 27. Bb5 Nd4 28. Nb4 Bb3 29. Ba6+ Ka8 30. Rc1 Ba4 31. Bc4 Red7 32. Bxd4
Rxd4 33. Be6 f4 34. Bf5 Rd2 35. Be4+ Kb8 36. Na6+ Ka7 37. Nb4 Kb8 1/2-1/2

[Event "Najdorf Memorial"]
[Site "Warsaw POL"]
[Date "2024.07.10"]
[Round "2.54"]
[White "Wojtaszewski, Piotr"]
[Black "Kulpa, Zuzanna"]
[Result "1/2-1/2"]
[WhiteElo "2028"]
[BlackElo "1954"]

1. c4 c5 2. Nc3 Nc6 3. g3 g6 4. Bg2 Bg7 5. d3 e5 6. Nf3 d6 7. O-O Nge7 8.
Rb1 O-O 9. a3 a5 10. e4 h6 11. Nd5 Nxd5 12. cxd5 Ne7 13. b4 axb4 14. axb4
b6 15. bxc5 bxc5 16. Nd2 Ba6 17. Nc4 f5 18. f3 Qc7 19. Bd2 Bxc4 20. dxc4
Ra2 21. Qc1 Kh7 22. Rf2 fxe4 23. fxe4 Rxf2 24. Kxf2 Qa5 25. Rb2 Qa3 26.
Rxa2 Qxa2 27. Bf1 h5 28. Kg1 Ng8 29. Bd3 Bh6 30. Bxh6 Nxh6 31. h3 Nf7 32.
Bf1 Kg7 33. Bg2 Qe2 34. Kh2 Kf6 35. Kg1 Qd3 36. Qf1+ Qxf1+ 37. Kxf1 Kg5 38.
Bf3 h4 39. Kg2 Nh6 40. Bd1 Ng8 41. Kf3 Nf6 42. g4 Nh7 43. Ke3 Kf6 44. Bf3
Nf8 45. Bd1 1/2-1/2

[Event "Najdorf Memorial"]
[Site "Warsaw POL"]
[Date "2024.07.11"]
[Round "3.1"]
[White "Kokoszczynski, Jan"]
[Black "Kazakouski, Valery"]
[Result "1-0"]
[WhiteElo "2314"]
[BlackElo "2603"]

1. e4 c5 2. Nf3 d6 3. d4 cxd4 4. Nxd4 Nf6 5. Nc3 a6 6. Be3 e5 7. Nb3 Be6 8.
Qd2 Nbd7 9. f3 h5 10. Nd5 Bxd5 11. exd5 g6 12. O-O-O Nb6 13. Kb1 Nbxd5 14.
Bg5 Be7 15. Bd3 Rc8 16. Rhe1 b5 17. g3 O-O 18. f4 Qc7 19. f5 e4 20. Bf1 Kh7
21. Bh3 Rce8 22. Nd4 Qc4 23. fxg6+ fxg6 24. Ne6 Rf7 25. Bxf6 1-0

[Event "Najdorf Memorial"]
[Site "Warsaw POL"]
[Date "2024.07.11"]
[Round "3.2"]
[White "Krasenkow, Michal"]
[Black "Sriram, Jha"]
[Result "1-0"]
[WhiteElo "2520"]
[BlackElo "2304"]

1. d4 d5 2. c4 c6 3. Nf3 Nf6 4. Nc3 a6 5. c5 Bf5 6. Qb3 Ra7 7. Bf4 Nbd7 8.
e3 Nh5 9. Be5 f6 10. Bg3 e5 11. Be2 Bg6 12. Bh4 Bf7 13. Nxe5 Nxe5 14. dxe5
g5 15. Bxh5 Bxh5 16. Bg3 Bxc5 17. h4 fxe5 18. Bxe5 O-O 19. hxg5 Qxg5 20.
Nxd5 cxd5 21. Qxd5+ Bf7 22. Qxc5 Qxg2 23. O-O-O Qc6 24. Rdg1+ Bg6 25. Qxc6
bxc6 26. Rxg6+ hxg6 27. Rh8+ Kf7 28. Rh7+ Ke6 29. Rxa7 Kxe5 30. f4+ Ke4 31.
Rxa6 Rf6 32. Kd2 Kf3 33. Ra3 Rd6+ 34. Rd3 Re6 35. a4 Re4 36. a5 Rb4 37. Kc2
1-0

[Event "Najdorf Memorial"]
[Site "Warsaw POL"]
[Date "2024.07.11"]
[Round "3.3"]
[White "Mickiewicz, Piotr"]
[Black "Markowski, Tomasz"]
[Result "0-1"]
[WhiteElo "2257"]
[BlackElo "2503"]

1. e4 c5 2. Nf3 d6 3. d4 cxd4 4. Nxd4 Nf6 5. Nc3 a6 6. Bg5 e6 7. f4 h6 8.
Bh4 Nbd7 9. Qf3 e5 10. Nf5 exf4 11. Bxf6 Nxf6 12. O-O-O Bxf5 13. exf5 Be7
14. Kb1 O-O 15. Bc4 Rc8 16. Bb3 Qa5 17. Qxf4 Rc5 18. g4 Rfc8 19. h4 Re5 20.
g5 Rxf5 21. Qe3 Re5 22. Qh3 Rxc3 23. bxc3 Ne4 24. Rd3 d5 25. Qf3 hxg5 26.
hxg5 Bxg5 27. Bxd5 Nf6 28. Bb3 Qc7 29. Qh3 Bh6 30. Rhd1 Qe7 31. Kb2 Kh7 32.
Rd8 Rc5 33. Qd3+ g6 34. Qh3 Rh5 35. Qc8 Bg7 36. R1d3 b5 37. Qxa6 b4 38. Kb1
Ne4 39. Rd1 Nxc3+ 40. Kc1 Ne2+ 0-1

[Event "Najdorf Memorial"]
[Site "Warsaw POL"]
[Date "2024.07.11"]
[Round "3.4"]
[White "Sengupta, Deep"]
[Black "Kowalczyk, Rafal"]
[Result "1-0"]
[WhiteElo "2491"]
[BlackElo "2185"]

1. e4 e5 2. Nf3 Nc6 3. Bc4 Bc5 4. c3 Nf6 5. d4 exd4 6. e5 d5 7. Bb5 Ne4 8.
cxd4 Bb6 9. Nc3 O-O 10. Be3 Bg4 11. h3 Bh5 12. Qc2 Bg6 13. Qb3 Ne7 14. O-O
c6 15. Bd3 Nd2 16. Nxd2 Bxd3 17. Rfe1 Bg6 18. Na4 Nf5 19. Nxb6 axb6 20. f4
h5 21. Bf2 h4 22. Nf3 Re8 23. Ng5 b5 24. Qd1 f6 25. Nf3 Bh5 26. Qd3 Bxf3
27. Qxf5 Be4 28. Qh5 fxe5 29. dxe5 Rf8 30. Bxh4 Qd7 31. Bg5 Qe6 32. a3 c5
33. Rac1 b6 34. Qe2 Qg6 35. Rc3 Qc6 36. Rg3 Ra4 37. Bf6 Rxf6 38. exf6 Qxf6
39. Qxb5 Ra8 40. Rxe4 dxe4 41. Qc4+ Kh8 42. Qxe4 Rf8 43. Qe5 Qf7 44. Rg4
Rd8 45. Kh2 Kh7 46. Qe4+ Kg8 47. Qc6 Rb8 48. Qd6 Qe8 49. Qc7 Qf8 50. Rxg7+
1-0